000 00572nam a2200181Ia 4500
008 100920s9999 xx 000 0 und d
082 _b79064
_a--- न 01
100 _aबोधे व.बा.
245 _aकुंकवाचा धनी.
260 _bसंयम पब्लिकेशन, पुणे.
_c2001
300 _a144
_bसाधी
365 _b180
520 _aकादंबरी.
630 _aकुंकवाचा धनी.
650 _aकादंबरी.
730 _aकुंकवाचा धनी.
942 _cBOOK
999 _c720172
_d720169